La configuración del incumplimiento en las obligaciones de medios y la atribución de la carga de la prueba / (Registro nro. 5680)
[ vista simple ]
| 000 -LEADER | |
|---|---|
| fixed length control field | 01497nab a22002417a 4500 |
| 003 - CONTROL NUMBER IDENTIFIER | |
| control field | OSt |
| 005 - DATE AND TIME OF LATEST TRANSACTION | |
| control field | 20251226232714.0 |
| 008 - FIXED-LENGTH DATA ELEMENTS--GENERAL INFORMATION | |
| fixed length control field | 190603e xxum|||| |||| 00| 0 spa d |
| 040 ## - CATALOGING SOURCE | |
| Transcribing agency | PJ |
| 100 ## - MAIN ENTRY--PERSONAL NAME | |
| 9 (RLIN) | 4791 |
| Personal name | Azar, Aldo Marcelo |
| 245 13 - TITLE STATEMENT | |
| Title | La configuración del incumplimiento en las obligaciones de medios y la atribución de la carga de la prueba / |
| Statement of responsibility, etc | Aldo M. Azar. |
| 260 ## - PUBLICATION, DISTRIBUTION, ETC. (IMPRINT) | |
| Date of publication, distribution, etc | Ciudad Autónoma de Buenos Aires : |
| Place of publication, distribution, etc | Thomson Reuters La Ley, |
| Name of publisher, distributor, etc | 2025. |
| 300 ## - PHYSICAL DESCRIPTION | |
| Extent | p. 86-95 |
| 500 ## - GENERAL NOTE | |
| General note | Cita: TR LALEY AR/DOC/1771/2025 <br/>Publicado en: RCCyC 2025 (agosto). |
| 505 ## - FORMATTED CONTENTS NOTE | |
| Formatted contents note | Sumario: I. La atribución de la carga probatoria de la culpa en las obligaciones de medios a partir de la vigencia del Cód. Civ. y Com.— II. El contexto normativo del Cód. Civil.— III. El contexto normativo del Cód. Civ. y Com.— IV. La carga probatoria del pago y la carga probatoria del factor de atribución.— V. Las modalidades del incumplimiento y las presunciones de causalidad, autoría y responsabilidad en las obligaciones de medios.— VI. Conclusiones. |
| 505 ## - FORMATTED CONTENTS NOTE | |
| Title | ¿Te interesa el texto completo? Solicitalo al correo: koha@justierradelfuego.gov.ar |
| 650 #0 - SUBJECT ADDED ENTRY--TOPICAL TERM | |
| 9 (RLIN) | 1497 |
| Topical term or geographic name as entry element | CODIGO CIVIL Y COMERCIAL |
| 650 #0 - SUBJECT ADDED ENTRY--TOPICAL TERM | |
| 9 (RLIN) | 1467 |
| Topical term or geographic name as entry element | RESPONSABILIDAD CIVIL |
| 650 #0 - SUBJECT ADDED ENTRY--TOPICAL TERM | |
| 9 (RLIN) | 3712 |
| Topical term or geographic name as entry element | RESPONSABILIDAD PROFESIONAL |
| 650 #0 - SUBJECT ADDED ENTRY--TOPICAL TERM | |
| 9 (RLIN) | 3927 |
| Topical term or geographic name as entry element | CARGA DE LA PRUEBA |
| 773 0# - HOST ITEM ENTRY | |
| Host Biblionumber | 2713 |
| Host Itemnumber | 3170 |
| Place, publisher, and date of publication | Ciudad Autónoma de Buenos Aires : Thomson Reuters La Ley, 2015- |
| Title | Revista Código Civil y Comercial. Nº 4 - Agosto 2025 |
| 942 ## - ADDED ENTRY ELEMENTS (KOHA) | |
| Source of classification or shelving scheme | |
| Koha item type | Analítica Artículo de Revista |
No hay ítems disponibles.
